Normal view
MARC view
Entry Geographic Name
001 - CONTROL NUMBER
- control field: 41611
003 - CONTROL NUMBER IDENTIFIER
- control field: ARRUPE
005 - DATE AND TIME OF LATEST TRANSACTION
- control field: 20180424145000.0
008 - FIXED-LENGTH DATA ELEMENTS
- fixed length control field: 180424|| aca||aabn | a|a d
040 ## - CATALOGING SOURCE
- Original cataloging agency: ARRUPE
- Transcribing agency: ARRUPE
151 ## - HEADING--GEOGRAPHIC NAME
- Geographic name: Germany
- General subdivision: Politics and government
- Chronological subdivision: 1789-1900.
670 ## - SOURCE DATA FOUND
- Source citation: Work cat.: (ARRUPE)0: Mosse, George L. (George Lachmann), 1918- 41608, The nationalization of the masses :, 2001.